000 00758cam a22002657a 4500
003 CHAP
005 20220329133228.0
008 971013s1987 r 00010 d
010 _a3673
011 _a4645
035 _a3849
040 _cCHAP
090 _aFolleto 12956
100 0 0 _aProbert, M. E.
_991691
245 1 4 _aThe properties and management of vertisols
260 _aWallingford, Uk :
_bCommonwealth Agricultural Bureaux,
_c1987
300 _a36 p.
_b; gráfs
500 _aD50-248
590 _aBATCH-UPD
_b10
_c20130110
_lUCH01
_h1130
590 _aCONVERSION
_b10
_c20130109
_lUCH01
_h1303
650 1 4 _aVertisoles.
_9118971
901 _aBK
942 _cFOLL
949 _aFolleto 12956
_bBC
_cFOLL
_d-13378
_eTS1
_gI.151792
_i3849
_si
_t110.38
999 _c3673
_d3673